<?xml version="1.0" encoding="UTF-8"?>
<record
    xmlns:xsi="http://www.w3.org/2001/XMLSchema-instance"
    xsi:schemaLocation="http://www.loc.gov/MARC21/slim http://www.loc.gov/standards/marcxml/schema/MARC21slim.xsd"
    xmlns="http://www.loc.gov/MARC21/slim">

  <leader>00756nam a22001577a 4500</leader>
  <controlfield tag="003">OSt</controlfield>
  <controlfield tag="005">20151203084237.0</controlfield>
  <controlfield tag="008">151203b        xxu||||| |||| 00| 0 eng d</controlfield>
  <datafield tag="040" ind1=" " ind2=" ">
    <subfield code="c">RUA</subfield>
  </datafield>
  <datafield tag="082" ind1=" " ind2=" ">
    <subfield code="a">FIS TOU 2008 B180 Or.1</subfield>
  </datafield>
  <datafield tag="100" ind1=" " ind2=" ">
    <subfield code="9">4173</subfield>
    <subfield code="a">TOUCH, DARA.</subfield>
  </datafield>
  <datafield tag="245" ind1=" " ind2=" ">
    <subfield code="a">Seed production of silver barb (Barbodes goniotus) and indian carp (Labeo roheta) for farmers in chan trey district svay rieng province, &#x1794;&#x1785;&#x17D2;&#x1785;&#x17C1;&#x1780;&#x1791;&#x17C1;&#x179F;&#x1795;&#x179B;&#x17B7;&#x178F;&#x1780;&#x17BC;&#x1793;&#x178F;&#x17D2;&#x179A;&#x17B8;&#x1796;&#x17BC;&#x1787; &#x178F;&#x17D2;&#x179A;&#x17B8;&#x1786;&#x17D2;&#x1796;&#x17B7;&#x1793; &#x1793;&#x17B7;&#x1784;&#x178F;&#x17D2;&#x179A;&#x17BC;&#x17B8;&#x1780;&#x17B6;&#x1794;&#x17A5;&#x178E;&#x17D2;&#x178C;&#x17B6;&#x179F;&#x17C6;&#x179A;&#x17B6;&#x1794;&#x17CB;&#x1780;&#x179F;&#x17B7;&#x1780;&#x179A;&#x179F;&#x17D2;&#x179A;&#x17BB;&#x1780;&#x1785;&#x1793;&#x17D2;&#x179A;&#x17D2;&#x178A;&#x17B8; &#x1781;&#x17C1;&#x178F;&#x17D2;&#x178F;&#x179F;&#x17D2;&#x179C;&#x17B6;&#x1799;&#x179A;&#x17C0;&#x1784;</subfield>
  </datafield>
  <datafield tag="260" ind1=" " ind2=" ">
    <subfield code="a">Phnom Penh</subfield>
    <subfield code="b">RUA</subfield>
    <subfield code="c">2008</subfield>
  </datafield>
  <datafield tag="300" ind1=" " ind2=" ">
    <subfield code="a">xii; 52p.</subfield>
    <subfield code="b">ill.</subfield>
    <subfield code="c">29cm.</subfield>
  </datafield>
  <datafield tag="942" ind1=" " ind2=" ">
    <subfield code="2">ddc</subfield>
    <subfield code="c">FIS</subfield>
  </datafield>
  <datafield tag="999" ind1=" " ind2=" ">
    <subfield code="c">3888</subfield>
    <subfield code="d">3888</subfield>
  </datafield>
  <datafield tag="952" ind1=" " ind2=" ">
    <subfield code="0">0</subfield>
    <subfield code="1">0</subfield>
    <subfield code="2">ddc</subfield>
    <subfield code="4">0</subfield>
    <subfield code="6">FIS_TOU_2008_000000000000000_B180_OR_1</subfield>
    <subfield code="7">0</subfield>
    <subfield code="9">19595</subfield>
    <subfield code="a">LBB</subfield>
    <subfield code="b">LBB</subfield>
    <subfield code="c">B180</subfield>
    <subfield code="d">2015-12-03</subfield>
    <subfield code="o">FIS TOU 2008 B180 Or.1</subfield>
    <subfield code="p">RUA019712</subfield>
    <subfield code="r">2015-12-03</subfield>
    <subfield code="w">2015-12-03</subfield>
    <subfield code="y">FIS</subfield>
  </datafield>
  <datafield tag="952" ind1=" " ind2=" ">
    <subfield code="0">0</subfield>
    <subfield code="1">0</subfield>
    <subfield code="2">ddc</subfield>
    <subfield code="4">0</subfield>
    <subfield code="6">FIS_TOU_2008_000000000000000_B180_OR_2</subfield>
    <subfield code="7">0</subfield>
    <subfield code="9">19596</subfield>
    <subfield code="a">LBB</subfield>
    <subfield code="b">LBB</subfield>
    <subfield code="c">B180</subfield>
    <subfield code="d">2015-12-03</subfield>
    <subfield code="o">FIS TOU 2008 B180 Or.2</subfield>
    <subfield code="p">RUA019722</subfield>
    <subfield code="r">2015-12-03</subfield>
    <subfield code="w">2015-12-03</subfield>
    <subfield code="y">FIS</subfield>
  </datafield>
  <datafield tag="952" ind1=" " ind2=" ">
    <subfield code="0">0</subfield>
    <subfield code="1">0</subfield>
    <subfield code="2">ddc</subfield>
    <subfield code="4">0</subfield>
    <subfield code="6">FIS_TOU_2008_000000000000000_B180_OR_3</subfield>
    <subfield code="7">0</subfield>
    <subfield code="9">19597</subfield>
    <subfield code="a">LBB</subfield>
    <subfield code="b">LBB</subfield>
    <subfield code="c">B180</subfield>
    <subfield code="d">2015-12-03</subfield>
    <subfield code="o">FIS TOU 2008 B180 Or.3</subfield>
    <subfield code="p">RUA019783</subfield>
    <subfield code="r">2015-12-03</subfield>
    <subfield code="w">2015-12-03</subfield>
    <subfield code="y">FIS</subfield>
  </datafield>
  <datafield tag="952" ind1=" " ind2=" ">
    <subfield code="0">0</subfield>
    <subfield code="1">0</subfield>
    <subfield code="2">ddc</subfield>
    <subfield code="4">0</subfield>
    <subfield code="6">FIS_TOU_2008_000000000000000_B180_OR_4</subfield>
    <subfield code="7">0</subfield>
    <subfield code="9">19598</subfield>
    <subfield code="a">LBB</subfield>
    <subfield code="b">LBB</subfield>
    <subfield code="c">B180</subfield>
    <subfield code="d">2015-12-03</subfield>
    <subfield code="o">FIS TOU 2008 B180 Or.4</subfield>
    <subfield code="p">RUA019790</subfield>
    <subfield code="r">2015-12-03</subfield>
    <subfield code="w">2015-12-03</subfield>
    <subfield code="y">FIS</subfield>
  </datafield>
  <datafield tag="952" ind1=" " ind2=" ">
    <subfield code="0">0</subfield>
    <subfield code="1">0</subfield>
    <subfield code="2">ddc</subfield>
    <subfield code="4">0</subfield>
    <subfield code="6">FIS_TOU_2008_000000000000000_B180_OR_5</subfield>
    <subfield code="7">0</subfield>
    <subfield code="9">19599</subfield>
    <subfield code="a">LBB</subfield>
    <subfield code="b">LBB</subfield>
    <subfield code="c">B180</subfield>
    <subfield code="d">2015-12-03</subfield>
    <subfield code="o">FIS TOU 2008 B180 Or.5</subfield>
    <subfield code="p">RUA011087</subfield>
    <subfield code="r">2015-12-03</subfield>
    <subfield code="w">2015-12-03</subfield>
    <subfield code="y">FIS</subfield>
  </datafield>
  <datafield tag="952" ind1=" " ind2=" ">
    <subfield code="0">0</subfield>
    <subfield code="1">0</subfield>
    <subfield code="2">ddc</subfield>
    <subfield code="4">0</subfield>
    <subfield code="6">FIS_TOU_2008_000000000000000_B180_OR_6</subfield>
    <subfield code="7">0</subfield>
    <subfield code="9">19600</subfield>
    <subfield code="a">LBB</subfield>
    <subfield code="b">LBB</subfield>
    <subfield code="c">B180</subfield>
    <subfield code="d">2015-12-03</subfield>
    <subfield code="o">FIS TOU 2008 B180 Or.6</subfield>
    <subfield code="p">RUA011238</subfield>
    <subfield code="r">2015-12-03</subfield>
    <subfield code="w">2015-12-03</subfield>
    <subfield code="y">FIS</subfield>
  </datafield>
  <datafield tag="952" ind1=" " ind2=" ">
    <subfield code="0">0</subfield>
    <subfield code="1">0</subfield>
    <subfield code="2">ddc</subfield>
    <subfield code="4">0</subfield>
    <subfield code="6">FIS_TOU_2008_000000000000000_B180_OR_7</subfield>
    <subfield code="7">0</subfield>
    <subfield code="9">19601</subfield>
    <subfield code="a">LBB</subfield>
    <subfield code="b">LBB</subfield>
    <subfield code="c">B180</subfield>
    <subfield code="d">2015-12-03</subfield>
    <subfield code="o">FIS TOU 2008 B180 Or.7</subfield>
    <subfield code="p">RUA011307</subfield>
    <subfield code="r">2015-12-03</subfield>
    <subfield code="w">2015-12-03</subfield>
    <subfield code="y">FIS</subfield>
  </datafield>
  <datafield tag="952" ind1=" " ind2=" ">
    <subfield code="0">0</subfield>
    <subfield code="1">0</subfield>
    <subfield code="2">ddc</subfield>
    <subfield code="4">0</subfield>
    <subfield code="6">FIS_TOU_2008_000000000000000_B180_OR_8</subfield>
    <subfield code="7">0</subfield>
    <subfield code="9">19602</subfield>
    <subfield code="a">LBB</subfield>
    <subfield code="b">LBB</subfield>
    <subfield code="c">B180</subfield>
    <subfield code="d">2015-12-03</subfield>
    <subfield code="o">FIS TOU 2008 B180 Or.8</subfield>
    <subfield code="p">RUA011447</subfield>
    <subfield code="r">2015-12-03</subfield>
    <subfield code="w">2015-12-03</subfield>
    <subfield code="y">FIS</subfield>
  </datafield>
  <datafield tag="952" ind1=" " ind2=" ">
    <subfield code="0">0</subfield>
    <subfield code="1">0</subfield>
    <subfield code="2">ddc</subfield>
    <subfield code="4">0</subfield>
    <subfield code="6">FIS_TOU_2008_000000000000000_B180_OR_9</subfield>
    <subfield code="7">0</subfield>
    <subfield code="9">19603</subfield>
    <subfield code="a">LBB</subfield>
    <subfield code="b">LBB</subfield>
    <subfield code="c">B180</subfield>
    <subfield code="d">2015-12-03</subfield>
    <subfield code="o">FIS TOU 2008 B180 Or.9</subfield>
    <subfield code="p">RUA011016</subfield>
    <subfield code="r">2015-12-03</subfield>
    <subfield code="w">2015-12-03</subfield>
    <subfield code="y">FIS</subfield>
  </datafield>
</record>
